| Tag |
First Indicator |
Second Indicator |
Subfields |
| LEADER |
00000cam a2200000 i 4500 |
| 001 |
in00004027607 |
| 005 |
20190422104043.0 |
| 008 |
180619t20182018ksua 001 0aeng c |
| 010 |
|
|
|a 2018027414
|
| 020 |
|
|
|a 9780700627035
|q (cloth :
|q alk. paper)
|
| 020 |
|
|
|a 0700627030
|q (cloth :
|q alk. paper)
|
| 020 |
|
|
|z 9780700627042
|q (ebook)
|
| 035 |
|
|
|a (OCoLC)on1043065642
|
| 040 |
|
|
|a DLC
|e rda
|c DLC
|d TXA
|d UtOrBLW
|
| 043 |
|
|
|a n-us---
|
| 049 |
|
|
|a TXAM
|
| 050 |
0 |
0 |
|a E99.P3
|b E25 2018
|
| 082 |
0 |
0 |
|a 976.6004/979330092
|a B
|2 23
|
| 100 |
1 |
|
|a Echohawk, Brummett,
|e author.
|0 http://id.loc.gov/authorities/names/n94078210
|
| 245 |
1 |
0 |
|a Drawing fire :
|b a Pawnee, artist, and Thunderbird in World War II /
|c Brummett Echohawk with Mark R. Ellenbarger ; edited by Trent Riley ; foreword by Lt. Col. Ernest Childers.
|
| 264 |
|
1 |
|a Lawrence :
|b University Press of Kansas,
|c [2018]
|
| 264 |
|
4 |
|c ©2018
|
| 300 |
|
|
|a xvi, 231 pages :
|b illustrations ;
|c 24 cm.
|
| 336 |
|
|
|a text
|b txt
|2 rdacontent
|
| 337 |
|
|
|a unmediated
|b n
|2 rdamedia
|
| 338 |
|
|
|a volume
|b nc
|2 rdacarrier
|
| 500 |
|
|
|a Includes index.
|
| 520 |
|
|
|a In 1940, at the age of seventeen, Pawnee Indian artist Brummett Echohawk (1922-2006) enlisted in the 45th Infantry Division, the "Thunderbirds," part of the Oklahoma Army National Guard in his home town of Pawnee, Oklahoma. General George Patton told the 45th that they were "one of the best, if not the best division in the history of American arms." Drawing Fire, Echohawk's memoir of his military service, tells the epic true story of a young Pawnee artist serving in a unit composed largely of Native Americans during some of the most significant battles of the Second World War, including Sicily, Salerno and Anzio. Woven into the tapestry of Drawing Fire are Pawnee legends, language and American Indian humor, all which offer a rare glimpse of the Native American experience in Europe during World War II. The book is supplemented by more than forty combat sketches Echohawk made during the war. The foreword is by World War II veteran, Medal of Honor recipient and Muscogee (Creek) Indian Lt. Col. Ernest Childers.
|
| 600 |
1 |
0 |
|a Echohawk, Brummett.
|0 http://id.loc.gov/authorities/names/n94078210
|
| 650 |
|
0 |
|a Pawnee Indians
|v Biography.
|
| 650 |
|
0 |
|a World War, 1939-1945
|x Participation, Indian.
|0 http://id.loc.gov/authorities/subjects/sh2010119693
|
| 651 |
|
0 |
|a United States
|x Armed Forces
|x Indians.
|0 http://id.loc.gov/authorities/subjects/sh85065539
|
| 650 |
|
0 |
|a Indian artists
|v Biography.
|
| 610 |
1 |
0 |
|a United States.
|b Army.
|b Infantry Regiment, 179th.
|b Company B.
|v Biography.
|
| 650 |
|
0 |
|a Indian soldiers
|v Biography.
|
| 700 |
1 |
|
|a Ellenbarger, Mark R.,
|e author.
|0 http://id.loc.gov/authorities/names/no2018084438
|
| 700 |
1 |
|
|a Riley, Trent,
|e editor.
|0 http://id.loc.gov/authorities/names/no2018084654
|
| 700 |
1 |
|
|a Childers, Ernest,
|e writer of foreword.
|0 http://id.loc.gov/authorities/names/no2018084556
|
| 945 |
|
|
|a PromptCat
|
| 948 |
|
|
|a cataloged
|b h
|c 2019/1/3
|d c
|e dmitchel
|f 2:00:00 pm
|
| 994 |
|
|
|a C0
|b TXA
|
| 999 |
f |
f |
|s 2a97d038-3014-3c3e-b71c-1f94658498b8
|i 9fa4d180-739b-37b0-a81b-ff90a220ade1
|t 0
|
| 952 |
f |
f |
|p normal
|a Texas A&M University
|b College Station
|c Sterling C. Evans Library
|d Evans: Library Stacks
|t 0
|e E99.P3 E25 2018
|h Library of Congress classification
|i unmediated -- volume
|m A14850555567
|
| 998 |
f |
f |
|a E99.P3 E25 2018
|t 0
|l Evans: Library Stacks
|